000 00218nam a2200097Ia 4500
005 20251222114339.0
008 251222s1900||||xx |||||||||||||| ||spa||
082 _aDVD0070/T22A/1966
245 0 _aAndrei Rublev:
942 _cDVD
999 _c785
_d785